000 00610nam a22001931c 4500
001 a987693726
008 200407s2019 gw a||| 000u rus d
020 _a9785948814551
_9978-5-94881-455-1
041 _arus
100 1 _aGolubovskaja, Inna Nikitična
245 0 0 _aPut' dlinoju v vosem'desjat let :
_bvospominanija o mame i detstve
264 _aMoskva :
_bNovyj chronograf,
_c2019
300 _a158 Seiten : Illustrationen
651 0 _aSowjetunion
942 _cMG
040 _cRU-10907106
003 RU-10907106
999 _c30571
_d30571
490 0 _aOt pervogo lica: istorija Rossii v vospominanijach, dnevnikach, pis'mach